Neurosis, sexualidad y psicoanálisis hoy /

Obra que reúne las investigaciones de diversos especialistas sobre las perturbaciones mentales de la persona, como son la histeria, las fobias, la neurosis compulsiva, la neurosis de guerra, la sexualidad en relación a la neurosis, la interpretación de los sueños y el desarrollo de la psicología del...

Descrición completa

Gardado en:
Detalles Bibliográficos
Outros autores: Alexander, Franz (autor) (autor)
Formato: Libro
Idioma:Lingua castelá
Publicado: Buenos Aires, Argentina : Paidós, 1963, c1958
Edición:2a edición
Series:(Biblioteca del Hombre Contemporáneo ; 19)
Temas:
Etiquetas: Engadir etiqueta
Sen Etiquetas, Sexa o primeiro en etiquetar este rexistro!

MARC

LEADER 00000nam^a2200000^a^4500
001 000186855
005 20250521000000.0
009 20260310102240.345
037 |a Acervo ITESO - Biblioteca 
041 |a ESP 
082 |a 616. 89  |b ALE 
245 0 0 |a Neurosis, sexualidad y psicoanálisis hoy /  |c F. Alexander... [et al.] ; Floreal Mazía, Lía G. Ratto y Carlos A. Duval. 
250 |a 2a edición 
264 4 |a Buenos Aires, Argentina :  |b Paidós,  |c 1963, c1958 
300 |a 139 p. 
336 |a texto  |b txt  |2 rdacontenido 
337 |a sin mediación  |b n  |2 rdamedio 
338 |a volumen  |b nc  |2 rdasoporte 
440 1 |a (Biblioteca del Hombre Contemporáneo ;  |v 19) 
500 |a Traducción de: Psychoanalysis Today 
520 |a Obra que reúne las investigaciones de diversos especialistas sobre las perturbaciones mentales de la persona, como son la histeria, las fobias, la neurosis compulsiva, la neurosis de guerra, la sexualidad en relación a la neurosis, la interpretación de los sueños y el desarrollo de la psicología del yo. 
649 |a XX 
650 |a Histeria 
650 |a Fobias 
650 |a Neurosis Obsesivo-Compulsiva 
650 |a Neurosis -  |x Tema Principal 
650 |a Sexualidad 
650 |a Psicología del Yo 
650 |a Sueños 
650 |a Inconsciente 
650 |a Psicopatología 
650 |a Psicoanálisis Freudiano 
650 |a Psicoanálisis 
650 |a Psicología Clínica 
700 |a Alexander, Franz  |e (autor) 
910 |a Fondo Armando Suárez Gómez 
920 |a Impresos - Libros 
930 |a Fondos Especiales 
905 |a 111 
901 |a 0700002886  |b IT2  |c ESP  |u 20250521 
902 |a https://opac.biblio.iteso.mx/vufind/Record/000186855